| 000 | 01479nam2a2200253 4500 | ||
|---|---|---|---|
| 001 | RU\NLR\BIBL_A\022535692 | ||
| 005 | 20260406141435.0 | ||
| 035 | _a(NLR Aleph) 022535692 | ||
| 090 |
_a13406318 _c13406318 |
||
| 100 | _a20060512d1880 |||y0rusy50 ca | ||
| 101 | 0 | _arus | |
| 102 | _aRU | ||
| 105 | _ay j 000yy | ||
| 200 | 1 | _aОт Карамзина до Пушкина | |
| 210 |
_d1880 _aБ. м. |
||
| 215 | _a[2], IV 480 с. | ||
| 461 | 0 |
_1001v19\rc\1346616 _12001#$aИсторическая христоматия новаго периода русской словесности$fсоставил А. Галахов$vТ. 2 _1700#1$aГалахов$bА. Д.$f1807-1892$gАлексей Дмитриевич$3RU\NLR\AUTH\7759989 _95399453 _aГалахов, А. Д. (1807-1892) _cСанкт-Петербург _d1880 _e3-е изд., без перемен. Т. 1-2 _fСост... А. Галаховым _o[От Петра I до нашего времени] _p2 т. _tИсторическая хрестоматия нового периода русской словесности _vТ. 2 |
|
| 702 | 1 |
_4570 _8rus _7ca _aКарамзин _bН. М. _f1766-1826 _gНиколай Михайлович _3RU\NLR\AUTH\773443 _9113439 |
|
| 702 | 1 |
_4570 _8rus _7ca _aПушкин _bА. С. _cпоэт _f1799-1837 _gАлександр Сергеевич _3RU\NLR\AUTH\77386 _9110441 |
|
| 852 |
_aNLR _j18.140.4.50(2) |
||
| 942 | _cBOOK | ||
| 980 | _aNB | ||